Konvensyen Pertama (I) kumpulan meningkat mutu kerja (KMK) sektor awam Zon Selatan [ 17 - 18 September 1985 pada 17 - 18 Sept 1985 di INTAN [video recording]

Bibliographic Details
Corporate Author: Institut Penilaian Negara
Format: Book
Published: Kuala Lumpur : INTAN , 1985
Subjects:

MARC

LEADER 00000cam a2200000 7i4500
001 0000004819
005 20111020.0
040 |a INS 
090 0 0 |a VCD 333 
245 1 0 |a Konvensyen Pertama (I) kumpulan meningkat mutu kerja (KMK) sektor awam Zon Selatan [  |h cakera video] :   |b 17 - 18 September 1985 pada 17 - 18 Sept 1985 di INTAN [video recording] 
260 |a Kuala Lumpur :   |b INTAN ,   |c 1985 
300 |a 4 cakera video (240 min) :   |b by., wrn. ;   |c 4 3/4 in. 
500 |a Juga terdapat dalam format vhs : VHS 48 A,B,C,D 
505 0 0 |a Honey Bees, Berjasa, Cahaya. Sapu, Bakti, Labah-labah 
650 0 |a Teams in the workplace 
710 1 |a Institut Penilaian Negara 
999 |a VCD0000333   |b VIDEO CD   |c Media Collection   |e Default branch 
999 |a VCD0000334   |b VIDEO CD   |c Media Collection   |e Default branch 
999 |a VCD0000335   |b VIDEO CD   |c Media Collection   |e Default branch 
999 |a VCD0000336   |b VIDEO CD   |c Media Collection   |e Default branch